Worst Songs of All Time - Statistics

General Stats
  • This quiz has been taken 112 times
  • The average score is 14 of 51
Answer Stats
Hint Answer % Correct
5. Ice Ice Baby Vanilla Ice
87%
2. Achy Breaky Heart Billy Ray Cyrus
70%
1. We Built This City Starship
66%
10. Ebony and Ivory Stevie Wonder and Paul McCartney
62%
33. Barbie Girl Aqua
61%
27. The Final Countdown Europe
60%
7. Don't Worry Be Happy Bobby McFerrin
58%
16. What's Up 4 Non Blondes
51%
12. Kokomo Beach Boys
46%
38. Cotton Eye Joe Rednex
43%
50. My Heart Will Go On Celine Dion
42%
4. Rollin Limp Bizkit
42%
49. I'm Too Sexy Right Said Fred
41%
41. We Didn't Start the Fire Billy Joel
37%
15. I'll Be There for You Rembrandts
36%
21. Two Princes Spin Doctors
35%
29. Breakfast at Tiffany's Deep Blue Something
30%
8. Party All the Time Eddie Murphy
30%
20. Dancing on the Ceiling Lionel Richie
29%
35. Shiny Happy People REM
29%
19. Broken Wings Mr. Mister
28%
42. The Sound of Silence Simon and Garfunkel
27%
3. Everybody Have Fun Tonight Wang Chung
26%
23. Sunglasses at Night Corey Hart
25%
51. Wonderful Christmastime Paul McCartney
24%
31. Mmm Mmm Mmm Mmm Crash Test Dummies
21%
48. Ob-La-Di Ob-La-Da Beatles
21%
26. The End Doors
18%
39. She Bangs Ricky Martin
16%
25. I'll Be Missing You Puff Daddy
15%
11. Invisible Clay Aiken
15%
34. Longer Dan Fogelberg
14%
37. Rico Suave Gerardo
14%
44. I'd Do Anything For Love Meat Loaf
13%
6. The Heart of Rock and Roll Huey Lewis and the News
13%
24. Superman Five For Fighting
12%
46. Hangin Tough New Kids on the Block
11%
13. Illegal Alien Genesis
11%
28. Your Body is a Wonderland John Mayer
11%
18. You're the Inspiration Chicago
10%
22. Courtesy of the Red White and Blue Toby Keith
8%
43. Follow Me Uncle Kracker
8%
9. American Life Madonna
7%
14. From a Distance Better Midler
5%
30. Greatest Love of All Whitney Houston
5%
32. Will 2k Will Smith
4%
40. I Wanna Sex U Up Color Me Badd
3%
36. Make Em Say Ugh Master P
2%
45. Mesmerize Ja Rule
2%
47. The Only Thing That Looks Good on Me is You Bryan Adams
2%
17. Pump and a Bump Hammer
1%
No matching quizzes found
Score Distribution
Percent of People with Each Score
Percentile by Number Answered
Your Score History
You have not taken this quiz